00831cam a2200241 450000100060000000300080000600500170001400800390003102000150007003500190008504000320010404100080013608200240014410000270016824500440019526000660023930000310030549000430033650400400037960000610041965000600048065100490054018699BD-RjUL20211209000325.0140222s1970 enkac b 001 0beng a0853400091 a(BD-RjUL)18757 aDLCcDLCdDLCdBD-RjULbeng aeng00a914.20381bROA 19721 aRooke, Patrick,d1925-14aThe age of Dickens /cby Patrick Rooke. aLondon :bWayland (Publishers) Ltd.,c1970 [Impression 1972]. a128 p. :billus. ;c24 cm.0 aThe Wayland documentary history series aBibliography: p. 123-124 and index.10aDickens, Charles,d1812-1870xHomes and hauntszEngland. 0aLiterature and societyzEnglandxHistoryy19th century. 0aGreat BritainxHistoryyVictoria, 1837-1901.